Les séries de TF1 - Statistiques

Statistiques générales
  • Ce quiz a été pris 353 fois
  • Le résultat moyen est 13 sur 70
Statistiques - réponses
Année Indices Titre % Correct
2017 Demain - Sète - Soap Demain nous appartient
75%
2021 Sigle - Audrey Fleurot - Femme de ménage HPI
75%
2010 Lycéenne - Bébé - Lucie Lucas Clem
61%
1997 Paradis - Mimie - Prénom Joséphine, ange gardien
61%
2006 Vacances - Eden - Laurent Ournac Camping paradis
59%
2016 Professeur - Hélène de Fougerolles - Collège Sam
48%
2018 Médecin légiste - Prénom - Tomer Sisley Balthazar
44%
2016 Gabrielle - Avocate - Isabelle Nanty Munch
42%
2013 Professeurs - Parents - Elèves PEP's
36%
2012 Shortcom - Humour - Immeuble Nos chers voisins
35%
1976 Commissaire - PJ - Yves Rénier Commissaire Moulin
33%
1992 Sitcom - LN - copains Hélène et les garçons
33%
1991 Commissaire - Femme - Clairières Julie Lescaut
33%
1996 Saint-Tropez - Soap - Adeline Blondieau Sous le Soleil
31%
1992 Beaumont - Anny Duperey - Bernard Le Coq Une famille formidable
31%
2002 Religieuse - Internet - Policière Soeur Thérèse.com
28%
1993 Florence ou Alice - Magistrate - Arnaud Binard Le juge est une femme
26%
1992 Produit de la ruche - Garçons - Lola Le Miel et les Abeilles
25%
2006 Gendarmerie - Bordeaux - Nice Section de recherches
24%
1996 Gendarme - Isabelle Florent - Enquête Une femme d'honneur
24%
2013 Commandant de police - Disparition - Moins de 18 ans Léo Matteï, brigade des mineurs
23%
2009 Criminologie - Psychologues - Paris Profilage
22%
1989 Commissaire - Yolande - Paris Navarro
20%
1991 Justine - Lycée - Sentiments Premiers baisers
20%
2004 12 Signes - Claire Keim - Marseille Zodiaque
20%
2006 Police - Preuves - Scientifiques RIS, police scientifique
19%
1984 Contractuelle - Paris - Danielle Evenou Marie Pervenche
18%
1989 Club Dorothée - Framboisier - Minet Salut les musclés
18%
1993 Sitcom - Voisins de palier - Trentenaires Les filles d'à côté
17%
1992 Commissaire - Juge - Fille Les Cordier, juge et flic
16%
1981 Véronique Jannot - Assistante sociale - Kawa Pause café
16%
1987 Club Dorothée - Viennoiserie - Sketches Pas de pitié pour les croissants
15%
1987 Vétérinaire - Médecin - Sitcom Marc et Sophie
14%
1998 Dumas - If - Gérard Depardieu Le comte de Monte-Cristo
13%
2002 Ville-Grand - Edile - Curé Père et Maire
13%
2011 Médecin - Hématophobe - Bretagne Doc Martin
12%
1995 Université - Camille Raymond - Amis Les années fac
12%
2003 Commissaire - DPJ Paris - Bernard Tapie Commissaire Valence
11%
2003 Chasseresse - Policière - Isabel Otero Diane, femme flic
11%
2005 Commissaire - Suite - Pierre Mondy Commissaire Cordier
9%
2013 Coma - Inspecteur - Sagamore Stévenin Falco
9%
2000 Magistrate - Policière - Paris Femmes de loi
8%
1995 Ragoût - Jean Rochefort - Police Les Boeuf-carottes
8%
1994 Mireille Darc - La Réserve - Non-voyante Les yeux d'Hélène
8%
2005 Institutrice - Ars-en-Ré - Laurence Boccolini Mademoiselle Joubert
8%
2021 Disparition - Landes - Sofia Essaïdi La Promesse
7%
2009 6 amis - Les Bruyères - Bruno Madinier Mes amis, mes amours, mes emmerdes
7%
1997 2Be3 - Sitcom - Bio romancée Pour être libre
7%
2010 Jean-Luc Reichmann - Vétérinaire - Monde Victor Sauvage
7%
2008 Agence de pub - Alice Lerois - Soap Seconde chance
6%
1996 Cuba - Vallogne - Francis Huster Terre Indigo
6%
1998 Débuts professionnels - Amis - Virginie desarnauts Les années bleues
5%
1992 Mireille Darc - Palace - Hélène Charrière Les Coeurs brûlés
5%
2001 Brigade des mineurs - Ultime défense - Pierre Arditi Sauveur Giordano
5%
2002 Baccalauréat - 6 amis - Paris La vie devant nous
4%
2009 Retrouvailles - Amis de lycée - Guillaume Delorme La vie est à nous
4%
1988 Sitcom - Bernard Ménez - Employés de bureau Vivement lundi !
4%
1989 Dominique Lavanant - Fille d'amiral - Plouguirec Imogène
3%
1996 Jouets - Valentine - Appartement Jamais 2 sans toit
3%
1988 La Rose des vents - Alexandre Leclerc - Jacques Dufilho Le vent des moissons
3%
1995 Pierre Arditi - Pilote - Enfance secours Passeur d'enfants
3%
1977 D'Ormesson - Saga - Noblesse Au plaisir de Dieu
2%
1984 Jeanne Bourin - XIIIe siècle - Marina Vlady La chambre des dames
2%
1996 Diplomate - Alice - Véronique Jannot Madame le Consul
2%
1999 Sous-préfète - Historien - Anny Duperey Chère Marianne
1%
1980 Recours en grâce - Jacques Morel - Juge Julien Fontanes, magistrat
1%
1996 Baby-sitter - Basset - Pensées Karine et Ari
1%
2007 Vincent - Mélanie - Policiers Paris, enquêtes criminelles
1%
1988 Crustacé - Interactif - Sitcom Salut les homard
1%
1984 Victor Lanoux - Policiers - Collection célèbre Série noire
1%
Aucun quiz correspondant
Distribution des résultats
% des personnes avec chaque résultat
Percentile par nombre de réponses
Votre historique - résultats
Vous n’avez pas pris ce quiz